000 01113nam0a22002651 4500
001 rc\4812519
005 20250612190538.0
021 _aRU
_bРг7423-58
035 _a(NLR Aleph) 008797077
090 _a8077715
_c8077715
100 _a20130426d1958 |||y0rusy50 ca
101 0 _arus
102 _aRU
105 _ay z |||||
200 1 _a945 центнеров зеленой массы кукурузы с початками с гектара
_fРассказ звеньевого комсомольско-молодежного звена колхоза "Новый путь" Ленинск. района Б. Шевелева
_gКурск. обл. упр. сел. хоз-ва
210 _aКурск
_cКн. изд-во
_d1958
215 _a4 с.
_d21
225 1 _aУчастники областной сельскохозяйственной выставки 1958 г.
300 _aБез тит. л. и обл.
700 1 _aШевелев
_bБ.Т.
_gБорис Трофимович
801 0 _aRU
_bNLR
_gpsbo
801 1 _aRU
_bELAR
_2rusmarc
852 _aNLR
_j58-4/17361
942 _cBOOK
980 _aNB